[Event "Sunway Formentera op 4th"]
[Site "Sant Ferran de ses Roques"]
[Date "2025.05.01"]
[Round "3"]
[White "Lemonnier, Remi"]
[Black "Spitz, Patrick"]
[Result "1-0"]
[WhiteElo "2099"]
[BlackElo "1981"]
[PlyCount "57"]
[EventDate "2025.04.29"]
[EventType "swiss"]
[EventRounds "10"]
[EventCountry "ESP"]
[SourceTitle "CB20_2025"]
[SourceDate "2025.05.14"]
[SourceVersion "1"]
[SourceVersionDate "2025.05.14"]
[SourceQuality "1"]

1. e4 d5 2. exd5 Qxd5 3. Nf3 Bg4 4. Be2 Nc6 5. d4 Nf6 6. 0-0 0-0-0 7. Be3 Qf5 8. c4 e5 9. d5 Bxf3 10. Bxf3 e4 11. Be2 Ne5 12. f3 exf3 13. Bxf3 Nxc4 14. Bd4 Kb8 15. Nc3 Nb6 16. Qb3 Bd6 17. g3 Qh3 18. Bg2 Qg4 19. Rad1 h5 20. Nb5 h4 21. Nxd6 Rxd6 22. Be5 Rd7 23. Bf3 Qc4 24. Qa3 hxg3 25. Bxg3 Nfxd5 26. Rc1 Qd4+ 27. Kh1 Re8 28. Rfd1 Qe3 29. Re1 1-0

[Event "Cappelle op 30th"]
[Site "Cappelle la Grande"]
[Date "2014.03.01"]
[Round "1"]
[White "Vassallo Barroche, Mauricio"]
[Black "Spitz, Patrick"]
[Result "1-0"]
[WhiteElo "2398"]
[BlackElo "2171"]
[PlyCount "151"]
[EventDate "2014.03.01"]
[EventType "swiss"]
[EventRounds "9"]
[EventCountry "FRA"]
[SourceTitle "CBM 159 Extra"]
[Source "ChessBase"]
[SourceDate "2014.04.24"]
[SourceVersion "1"]
[SourceVersionDate "2014.04.24"]
[SourceQuality "1"]

1. Nf3 f5 2. d3 Nc6 3. e4 fxe4 4. Ng5 d5 5. dxe4 Nf6 6. exd5 Qxd5 7. Qxd5 Nxd5 8. Bd3 Ncb4 9. Be4 Nf6 10. a3 Nxe4 11. axb4 Nxg5 12. Bxg5 Bf5 13. Na3 e5 14. c3 Bd6 15. Nc4 Kd7 16. 0-0-0 Rhe8 17. Rhe1 Kc6 18. Na5+ Kb6 19. b3 Re6 20. Kb2 c6 21. Bh4 Kc7 22. Bg3 b5 23. Rd2 Rd8 24. Bh4 Rd7 25. Red1 Re8 26. Bg3 g5 27. Nb7 Bf8 28. Rxd7+ Bxd7 29. Nc5 Bxc5 30. bxc5 Kc8 31. Re1 e4 32. Kc2 Bf5 33. Kd2 Bg6 34. Ke3 Re6 35. Ra1 Kb7 36. Rd1 Kc8 37. b4 Bf5 38. h4 h6 39. hxg5 hxg5 40. Rh1 Re7 41. Rh8+ Kb7 42. Rb8+ Ka6 43. Rg8 g4 44. Rf8 Bg6 45. Rg8 Bf5 46. Rf8 Be6 47. Kxe4 Bd5+ 48. Kf5 Bxg2 49. Kxg4 Bd5 50. Kg5 Kb7 51. Rb8+ Ka6 52. Rd8 Kb7 53. Kg6 a5 54. bxa5 Ka6 55. Ra8+ Kb7 56. Rh8 Ka6 57. Bd6 Ra7 58. f4 Kxa5 59. f5 Ka4 60. Rh4+ Kb3 61. Be5 Re7 62. Kf6 Rf7+ 63. Kg5 Re7 64. Bd4 Rb7 65. Kf6 b4 66. cxb4 Rxb4 67. Ke5 Rb7 68. Kd6 Rf7 69. f6 Kc4 70. Be5+ Kb5 71. Rd4 Ka6 72. Rxd5 cxd5 73. Ke6 Rf8 74. Ke7 Rc8 75. f7 d4 76. Bxd4 1-0